Muslims under Congress rule, 1937-1939 : (Record no. 21201)
[ view plain ]
| 000 -LEADER | |
|---|---|
| fixed length control field | 00469cam a2200145 i 4500 |
| 082 00 - DEWEY DECIMAL CLASSIFICATION NUMBER | |
| Classification number | 323.39710954 |
| Author Cutter | AZI |
| 100 ## - MAIN ENTRY--AUTHOR NAME | |
| Author name | AZIZ K.K |
| 245 00 - TITLE STATEMENT | |
| Title | Muslims under Congress rule, 1937-1939 : |
| 260 ## - PUBLICATION, DISTRIBUTION, ETC. (IMPRINT) | |
| Place of publication | Islamabad : |
| Name of publisher | National Commission on Historical and Cultural Research, |
| Year of publication | 1978-1979. |
| 300 ## - PHYSICAL DESCRIPTION | |
| Number of Pages | 2 v. ; |
| 490 1# - SERIES STATEMENT | |
| Series statement | Documentary series - National Commission on Historical and Cultural Research ; |
| 650 #0 - SUBJECT ADDED ENTRY--TOPICAL TERM | |
| Topical Term | Muslims |
| 942 ## - ADDED ENTRY ELEMENTS (KOHA) | |
| Koha item type | Books |
| 700 1# - | |
| -- | Aziz, Khursheed Kamal. |
| Home library | Current library | Shelving location | Date acquired | Full call number | Accession Number | Koha item type |
|---|---|---|---|---|---|---|
| Henry Martyn Institute Library | Henry Martyn Institute Library | General stacks | 07/16/2018 | 323.39710954 AZI VOL - I | 16466 | Books |
| Henry Martyn Institute Library | Henry Martyn Institute Library | General stacks | 07/16/2018 | 323.39710954 AZI VOL - II | 16467 | Books |
